100 Favourite Albums (05/2025) - Statistics

Statistiche generali
  • Questo quiz è stato fatto 9 volte
  • Il punteggio medio è 41 su 100
Statistiche sulle risposte
anno Musical Act Name Nationality Music Genre % Corretto
1975 Pink Floyd Wish You Were Here UK Prog Rock
89%
1977 Pink Floyd Animals UK Prog Rock
89%
2000 Radiohead Kid A UK Electronic Rock
89%
2007 Radiohead In Rainbows UK Electronic Rock
89%
2001 Radiohead Amnesiac UK Electronic Rock
89%
1997 Radiohead Ok Computer UK Alternative Rock
89%
2016 Radiohead A Moon Shaped Pool UK Art Rock
89%
2011 Radiohead The King of Limbs UK Electronic Rock
89%
2003 Radiohead Hail to the Thief UK Alternative Rock
89%
1995 Radiohead The Bends UK Alternative Rock
89%
2001 System of a Down Toxicity USA Alternative Metal
78%
1998 System of a Down System of a Down USA Alternative Metal
78%
2000 Coldplay Parachutes UK Alternative Rock
67%
2011 Coldplay Mylo Xyloto UK Pop Rock
67%
2005 Coldplay X&Y UK Alternative Rock
67%
2021 Dream Theater A View from the Top of the World USA Prog Metal
67%
1992 Dream Theater Images and Words USA Prog Metal
67%
2002 Dream Theater Six Degrees of Inner Turbulence USA Prog Metal
67%
2016 Dream Theater The Astonishing USA Prog Metal
67%
2025 Dream Theater Parasomnia USA Prog Metal
67%
2007 Dream Theater Systematic Chaos USA Prog Metal
67%
2013 Dream Theater Dream Theater USA Prog Metal
67%
1994 Dream Theater Awake USA Prog Metal
67%
1997 Dream Theater Falling Into Infinity USA Prog Metal
67%
2011 Dream Theater A Dramatic Turn of Events USA Prog Metal
67%
1972 Genesis Foxtrot UK Prog Rock
67%
1974 Genesis The Lamb Lies Down on Broadway UK Prog Rock
67%
1976 Genesis A Trick of the Tail UK Prog Rock
67%
1980 Genesis Duke UK Prog Rock
67%
1977 David Bowie Low UK Electronic Rock
56%
1981 King Crimson Discipline UK Prog Rock
56%
1974 King Crimson Red USA Prog Rock
56%
1969 King Crimson In the Court of the Crimson King UK Prog Rock
56%
1984 King Crimson Beat UK New Wave
56%
1995 King Crimson THRAK UK Prog Rock
56%
1974 King Crimson Starless and Bible Black UK Prog Rock
56%
2003 King Crimson The Power to Believe UK Prog Rock
56%
1984 King Crimson Three of a Perfect Pair UK New Wave
56%
1997 Bjork Homogenic Iceland Electronic Pop
44%
2006 Muse Black Holes and Revelations UK Alternative Rock
44%
2003 Muse Absolution UK Alternative Rock
44%
2023 Avenged Sevenfold Life is But a Dream... USA Avant-garde Metal
33%
2010 Avenged Sevenfold Nightmare USA Alternative Metal
33%
2021 Black Country, New Road For the First Time UK Art Punk
33%
2022 black midi Hellfire UK Avand-garde Rock
33%
2007 Bon Iver For Emma, Forever Ago USA Folk
33%
2018 Bon Iver 22, A Million USA Electro Folk
33%
2024 Fontaines D.C. Romance Ireland Alternative Rock
33%
2023 Lana Del Rey Did You Know That There's a Tunnel Under Ocean Blvd USA Alternative Pop
33%
2019 Lana Del Rey Norman F**cking Rockwell USA Alternative Pop
33%
2003 Morgan Canzoni dell'Appartamento Italy Alternative Pop
33%
1993 Primus Pork Soda USA Alternative Metal
33%
1997 Primus Brown Album USA Funk Metal
33%
2017 Primus The Desaturating Seven USA Prog Rock
33%
1991 Primus Sailing the Seas of Chease USA Funk Metal
33%
1990 Primus Frizzle Fry USA Funk Metal
33%
1991 Slint Spiderland USA Post Rock
33%
2024 The Smile Cutouts UK Art Rock
33%
1973 Yes Close to the Edge UK Prog Rock
33%
2024 Billie Eilish Hit Me Hard and Soft USA Alternative Pop
22%
2000 Bluvertigo Zero Italy Electronic Rock
22%
2018 Car Seat Headrest Twin Fantasy (Face to face) USA Indie Rock
22%
2002 Interpol Turn on the Bright Lights USA Alternative Rock
22%
2021 Iosonouncane IRA Italy Electronic
22%
2015 Iosonouncane DIE Italy Electronic
22%
2024 Magdalena Bay Imaginal Disk USA Synth Pop
22%
2021 Mastodon Hushed and Grims USA Prog Metal
22%
2005 Porcupine Tree Deadwing UK Prog Metal
22%
2002 Porcupine Tree In Absentia UK Prog Metal
22%
2000 Porcupine Tree Lightbulb Sun UK Alternative Rock
22%
1999 Porcupine Tree Stupid Dream UK Alternative Rock
22%
1996 Porcupine Tree Signify UK Alt Rock
22%
2017 St.Vincent Masseduction USA Pop
22%
2024 St.Vincent All Born Screaming USA Art Rock
22%
2006 Thom Yorke The Eraser UK Electronic
22%
1979 XTC Drums and Wires UK Art Rock
22%
2015 Benjamin Clementine At Least for Now UK Art Pop
11%
2021 Between the Buried and Me Colors II USA Prog Metal
11%
1988 Cardiacs A Little Man and a House and the Whole World Window UK Art Rock
11%
2014 Cynic Kindly Bent to Free Us USA Prog Metal
11%
1993 Cynic Focus USA Prog Metal
11%
2008 Cynic Traced in Air USA Prog Metal
11%
2024 Friko Where We've Been, Where We Go From Here USA Alternative Rock
11%
2016 Haken Affinity UK Prog Metal
11%
2013 Haken The Mountain UK Prog Metal
11%
2023 Haken Fauna UK Prog Metal
11%
2018 Haken Vector UK Prog Metal
11%
2017 Pain of Salvation In the Passing Light of Day Sweden Prog Metal
11%
2015 Riverside Love, Fear and the Time Machine Poland Prog Rock
11%
2005 Sieges Even The Art of Navigating by the Stars Germany Prog Metal
11%
2025 Steven Wilson The Overview UK Prog Rock
11%
2013 Steven Wilson The Raven That Refused to Sing (and other stories) UK Prog Rock
11%
2015 Steven Wilson Hand.Cannot.Erase. UK Prog Rock
11%
2008 Steven Wilson Insurgentes UK Alternative Rock
11%
2021 Steven Wilson THE FUTURE BITES UK Synth Pop
11%
2011 Steven Wilson Grace for Drowning UK Prog Rock
11%
2015 The Dear Hunter Act IV: Rebirth in Reprise USA Indie Rock
11%
2013 The Ocean Pelagial Germany Prog Metal
11%
2020 The Ocean Phanerozoic II: Mesozoic / Cenozoic Germany Prog Metal
11%
2012 Thumpermonkey Sleep Furiosly UK Prog Rock
11%
Nessun quiz corrispondente trovato
Distribuzione punteggi
Percentuale di utenti per punteggio
Percentile per numero di risposta
I tuoi punteggi nel tempo
Non hai fatto questo quiz